| 000 | 00353nam a22001217a 4500 | ||
|---|---|---|---|
| 008 | 260530b |||||||| |||| 00| 0 eng d | ||
| 020 | _a9789381275078 | ||
| 100 | _aNagasampige, A V | ||
| 245 | _aOriginal Sanskrit Works of Modern Scholars from Karnataka State | ||
| 260 |
_aBangalore _bPoorna Prajna Samshodhan Trust _c2011 |
||
| 300 | _a58p | ||
| 942 | _2ddc | ||
| 999 |
_c1482 _d1482 |
||